Luật xuất bản 2004 sửa đổi, bổ sung 2008

Сохранить в:
Библиографические подробности
Формат:
Язык:Undetermined
Опубликовано: Hà Nội Chính trị Quốc gia 2008
Предметы:
Метки: Добавить метку
Нет меток, Требуется 1-ая метка записи!
Thư viện lưu trữ: Trung tâm Học liệu Trường Đại học Cần Thơ
LEADER 00504nam a2200169Ia 4500
001 CTU_148320
008 210402s9999 xx 000 0 und d
020 |c 10000 
082 |a 343.5970998 
082 |b L504 
245 0 |a Luật xuất bản 2004 sửa đổi, bổ sung 2008 
260 |a Hà Nội 
260 |b Chính trị Quốc gia 
260 |c 2008 
650 |a Press law,Luật xuất bản 
904 |i Nguyên 
980 |a Trung tâm Học liệu Trường Đại học Cần Thơ